Kapitálový fond z príspevkov

V súvislosti s riešením spoločnosti v kríze v kapitálových spoločnostiach bola v roku 2017 schválená novela zákona č. 513/1991 Zb. Obchodného zákonníka v znení neskorších predpisov, ktorou sa ustanovil pojem kapitálový fond z príspevkov. Kapitálový fond z príspevkov môže byť vytvorený iba z príspevk...

Ausführliche Beschreibung

Gespeichert in:
Bibliographische Detailangaben
1. Verfasser: Ondrušová, Lucia, 1981-
Format: Buchkapitel
Sprache:Slowakisch
Schlagworte:
Tags: Tag hinzufügen
Keine Tags, Fügen Sie das erste Tag hinzu!

MARC

LEADER 00000naa$a2200000$$$4500
001 0247584
005 20250228130155.6
041 0 |a slo 
044 |a SK 
245 1 0 |a Kapitálový fond z príspevkov  |c Lucia Ondrušová 
520 |a V súvislosti s riešením spoločnosti v kríze v kapitálových spoločnostiach bola v roku 2017 schválená novela zákona č. 513/1991 Zb. Obchodného zákonníka v znení neskorších predpisov, ktorou sa ustanovil pojem kapitálový fond z príspevkov. Kapitálový fond z príspevkov môže byť vytvorený iba z príspevkov akcionárov v akciovej spoločnosti, jednoduchej spoločnosti na akcie a z príspevkov spoločníkov v spoločnosti s ručením obmedzeným. Aby mohla spoločnosť vytvoriť kapitálový fond z príspevkov, musí jeho tvorba ako aj použitie byť upravené v zakladateľskej zmluve (spoločenskej zmluve, zakladateľskej listine) alebo v stanovách spoločnosti. 
610 2 0 |a zákonník obchodný 
610 2 0 |a spoločnosti kapitálové 
610 2 0 |a kríza podniku 
610 2 0 |a fondy podnikové 
610 2 0 |a fondy kapitálové 
610 2 0 |a novelizácia 
610 2 0 |a Slovensko 
100 1 |a Ondrušová, Lucia, 1981-